Business mathematics : a collegiate approach (Record no. 121707)

MARC details
000 -LEADER
fixed length control field 00740nam a2200241Ia 4500
008 - FIXED-LENGTH DATA ELEMENTS--GENERAL INFORMATION
fixed length control field 191130s2005##################000#0#eng##
020 ## - INTERNATIONAL STANDARD BOOK NUMBER
ISBN 9780131140141
082 ## - DEWEY DECIMAL CLASSIFICATION NUMBER
Classification number 650.01513 ROU
100 ## - MAIN ENTRY--AUTHOR NAME
Personal name Roueche, Nelda W
245 ## - TITLE STATEMENT
Title Business mathematics : a collegiate approach
Statement of responsibility, etc Nelda W. Roueche, Virginia H. Graves, Michael D. Tuttle
250 ## - EDITION STATEMENT
Edition statement 9th ed
260 ## - PUBLICATION, DISTRIBUTION, ETC. (IMPRINT)
Place of publication Upper Saddle River, NJ
Name of publisher Pearson/Prentice Hall
Year of publication c2005
300 ## - PHYSICAL DESCRIPTION
Number of Pages xiv, 732 p. : ill. ; 27 cm
500 ## - GENERAL NOTE
General note Includes index
650 ## - SUBJECT ADDED ENTRY--TOPICAL TERM
Topical Term Business mathematics
700 ## - ADDED ENTRY--PERSONAL NAME
Personal name Graves, Virginia H
Personal name Tuttle, Michael D
991 ## -
-- 362218
Holdings
Withdrawn status Lost status Damaged status Not for loan Home library Current library Shelving location Date acquired Full call number Accession Number Price effective from Koha item type
        Anna Centenary Library Anna Centenary Library 6TH FLOOR, A WING 12.10.2020 650.01513 ROU 314852 12.10.2020 English Books

Find us on the map